تحميل...

ക൪മയോഗി: ഇ. ശ്രീധരന്റെ ജീവിതകഥ

التفاصيل البيبلوغرافية
المؤلفون الرئيسيون: എം എസ് അശോക൯, M S Asokan
التنسيق: Printed Book
منشور في: Kozhikode; Mathrubhumi Books; 2014
الطبعة:2nd / 1st (2014)
الموضوعات:
LEADER 00919nam a22001937a 4500
020 |a 978-81-8265-967-4 
082 |a 923.613  |b ASO/K Q4 
100 |a എം എസ് അശോക൯;  |9 39429 
100 |a M S Asokan  |9 39430 
240 |a Karmayogi: E. Sreedharante jeevithakatha 
245 |a ക൪മയോഗി:  |b ഇ. ശ്രീധരന്റെ ജീവിതകഥ 
250 |a 2nd / 1st (2014) 
260 |a Kozhikode;  |b Mathrubhumi Books;  |c 2014 
300 |a 215p. 
650 |a മലയാളം; ആത്മകഥ; ജീവചരിത്രം; സാമൂഹികശാസ്ത്രം; ഇ. ശ്രീധര൯  |9 39431 
650 |a Malayalam; Autobiography; Biography; Sociology; E. Sreedharan  |9 39432 
942 |c BK 
999 |c 38885  |d 38885 
952 |0 0  |1 0  |4 0  |6 923_613000000000000_ASO_K_Q4  |7 0  |8 BIO  |9 43935  |a MAL  |b MAL  |d 2015-06-24  |e 55993  |g 175.00  |l 0  |o 923.613 ASO/K Q4  |p MAL055993  |r 2015-06-24  |t 1  |w 2015-06-24  |y BK